000 00652nam a2200205 a 4500
003 PILC
005 20150112093438.0
008 100722s19uu xx 00 eng d
020 _a0875849083
050 _aHD 30.28
_b.H379 1999
082 _aMnSF 658.4012
_bH26 1999
100 _aHarvard Business School
_915381
245 _aHarvard business review on managing uncertainty /
260 _aBost, Massachusetts :
_bHarvard Business School Publishing,
_c1999.
300 _a218 pages :
_c18 cm.
440 _aHarvard Business Review Series
_915045
650 _aStrategic planning
_9606
650 _aManaging uncertainty
_916991
942 _2lcc
_cBK
999 _c14644
_d14644